अलका (Record no. 386710)

MARC details
000 -LEADER
fixed length control field 00344nam a2200133Ia 4500
008 - FIXED-LENGTH DATA ELEMENTS--GENERAL INFORMATION
fixed length control field 100122s9999 xx 000 0 und d
082 ## - DEWEY DECIMAL CLASSIFICATION NUMBER
Item number 13191
Classification number 50
245 ## - TITLE STATEMENT
Title अलका
520 ## - SUMMARY, ETC.
Summary, etc दिवाळी अंक 2005
620 ## -
-- दिवाळी अंक 2005
630 ## - SUBJECT ADDED ENTRY--UNIFORM TITLE
Uniform title अलका
730 ## - ADDED ENTRY--UNIFORM TITLE
Uniform title अलका
942 ## - ADDED ENTRY ELEMENTS (KOHA)
Koha item type Book
Holdings
Withdrawn status Lost status Damaged status Not for loan Home library Current library Date acquired Cost, normal purchase price Total Checkouts Full call number Barcode Date last seen Cost, replacement price Price effective from Koha item type Public note
        S.V. Pathak Library, Vile Parle S.V. Pathak Library, Vile Parle 02/24/2006 60.00   13191 SVPPARLE-13191 01/25/2010 60.00 01/25/2010 Book "7)रद्द, , , Cancelled"